000 00495nam a2200169Ia 4500
999 _c35341
_d35341
003 OSt
005 20201215102120.0
008 190216s9999||||xx |||||||||||||| ||und||
040 _coclc
082 _a947
_bNAV/U
100 _aNavosti Press
_97492
245 0 _aUssr 100 Questions And Answers /
_cNavosti Press
260 _bNavosti Press Agency,
_c1977.
_aMoscow:
300 _a108p
650 _aQuestion Bank Book Series
942 _cREF
_2ddc
_h947
_iNAV/U
_k947
_mNAV/U